000 00675nam a2200241 a 4500
001 BRL_822
005 20190320210919.0
008 091013s1985----mx-#######---#000-d#spa-#
020 _a9682901367
041 _aspa
044 _amx
050 4 _aPQ7297
_b.A77 1985
100 1 _aArreola, Juan José
_d1918-
_925040
245 1 0 _aVaria invención
_cJuan José Arreola.
260 _aMéxico
_bSEP Cultura, Joaquín Mortiz
_c1985
300 _a120 p.
_c21 cm.
440 0 _aLecturas mexicanas
_pSegunda Serie
_v1
_925041
500 _aAu912
650 1 4 _aCuentos mexicanos
_ySiglo XX
_925042
650 1 4 _aTeatro mexicano
_ySiglo XX
_925043
902 _aGRL
942 _2lcc
_cB
999 _c9634
_d9634